| 000 | 00327nam a2200097Ia 4500 | ||
|---|---|---|---|
| 005 | 20250424112935.0 | ||
| 008 | 250424s9999 xx 000 0 und d | ||
| 300 | _aviii, 262 p. :ill. ; 24 cm. | ||
| 650 | _aOrganizational change. Industrial management. Corporations--Finance. Product management. Strategic planning. | ||
| 942 | _cSR | ||
| 999 |
_c38002 _d38002 |
||